000 00269nam a22001097a 4500
008 160613b xxu||||| |||| 00| 0 eng d
020 _a0803614519
041 _aeng
080 _a618.2
245 _aPsychiatric mental health nursing:
_cMary C. Townsend;
942 _2udc
_cBK
999 _c2469
_d2469